000 00743nam a2200253Ia 4500
003 OSt
005 20220924121100.0
006 a|||||r|||| 00| 0
007 ta
008 220923b |||||||| |||| 00| 0 ben d
020 _a9844101476 (hbk)
020 _c250
024 _a301851
037 _bM/2009/43, 03/08/2009, Mukta Dhara
_cTextual
040 _aARTS
_cARTS
_bben
041 _2ben
_aben
082 _aY73(Q7).2, 157P7
100 _aAbdul A.K.M.
_9184233
245 0 _aBharate muslim rajatter itihas
260 _aDhaka
_bMaola Brothers Bangladesh
_c2007
650 _aSOCIOLOGY
942 _hY73(Q7).2, 157P7
_cTEXL
_2CC
999 _c405756
_d405756